Top 15 zemí s úmrtím Covid-19 - 7. dubna 2021 - Statistics

General Stats
  • This quiz has been taken 139 times
  • The average score is 12 of 24
Answer Stats
země % Correct
Česko
90%
Itálie
90%
Německo
84%
Rusko
80%
Francie
76%
Slovensko
75%
Španělsko
73%
Polsko
69%
Indie
57%
Spojené státy
56%
Brazílie
53%
Portugalsko
49%
Maďarsko
44%
Spojené království
42%
Argentina
38%
Mexiko
38%
Belgie
35%
Bulharsko
25%
Slovinsko
24%
Írán
18%
Peru
14%
Kolumbie
13%
Bosna a Hercegovina
10%
Severní Makedonie
2%
No matching quizzes found
Score Distribution
Percent of People with Each Score
Percentile by Number Answered
Your Score History
You have not taken this quiz